Submarines per capita - Statistics

General Stats
  • This quiz has been taken 17 times
  • The average score is 11 of 18
Answer Stats
Submarines per million people Country % Correct
0.203 United States
94%
0.226 Australia
82%
1.36 North Korea
82%
0.478 Russia
82%
0.169 Japan
76%
0.427 South Korea
65%
0.171 Taiwan
65%
0.2 Chile
59%
1.05 Greece
59%
0.22 Iran
59%
0.513 Israel
59%
1.09 Norway
59%
0.474 Sweden
59%
0.224 Netherlands
47%
0.191 Portugal
47%
0.917 Singapore
47%
0.18 Peru
41%
0.395 Azerbaijan
24%
No matching quizzes found
Score Distribution
Percent of People with Each Score
Percentile by Number Answered
Your Score History
You have not taken this quiz